000 00477nam a2200181Ia 4500
005 20250508150944.0
008 008 250505s9999 xx 000 0 hin d
037 _aTextual
040 _aFEDL
_beng
_cFEDL
041 _ahin
_2hin
084 _a925, CHA
_qFEDL
100 _aChaturvedi Jagpati
_9758035
245 0 _aJine ke liye
260 _aAllahabad, India
_bKitab Mahal
_c1952
300 _a188p.
942 _cTEXL
_h925, CHA
999 _c1326709
_d1326709